[Event "Landesliga Sued 1516"]
[Site "Bayern"]
[Date "2016.03.13"]
[Round "8.8"]
[White "Zeier, Robert"]
[Black "Schmidbauer, Franz"]
[Result "1-0"]
[WhiteElo "2021"]
[BlackElo "1806"]
[PlyCount "81"]
[EventDate "2015.10.11"]
[EventType "team-tourn"]
[EventRounds "9"]
[EventCountry "GER"]
[SourceTitle "EXT 2018"]
[Source "ChessBase"]
[SourceDate "2017.10.13"]
[SourceVersion "1"]
[SourceVersionDate "2017.10.13"]
[SourceQuality "1"]
[WhiteTeam "Muenchen 36"]
[BlackTeam "Deggendorf"]
[WhiteTeamCountry "GER"]
[BlackTeamCountry "GER"]

1. e4 d6 2. d4 g6 3. Nc3 Nf6 4. Nf3 Bg7 5. Be2 0-0 6. 0-0 Bg4 7. Be3 Nbd7 8. h3 Bxf3 9. Bxf3 e5 10. dxe5 Nxe5 11. Be2 h6 12. Qd2 Kh7 13. Rad1 a6 14. f4 Nc6 15. Bf3 Qe7 16. Rfe1 Rfe8 17. Bf2 Qf8 18. a3 h5 19. Bh4 Ng8 20. Nd5 Rac8 21. c3 Nce7 22. Qd3 Nxd5 23. exd5 Rxe1+ 24. Rxe1 Re8 25. Rxe8 Qxe8 26. Bxh5 Nh6 27. Bf3 Qa4 28. Qd2 Nf5 29. Bf2 Bh6 30. g3 Bf8 31. g4 Ne7 32. Be3 f5 33. g5 Qc4 34. Kg2 Qa2 35. h4 b5 36. Kg3 Nc8 37. h5 Nb6 38. hxg6+ Kxg6 39. Qh2 Nxd5 40. Qh5+ Kg7 41. Bd4+ 1-0

[Event "Niederbayernliga 1516"]
[Site "Bayern"]
[Date "2016.02.21"]
[Round "7.2"]
[White "Schmidbauer, Franz"]
[Black "Heiduk, Christoph"]
[Result "0-1"]
[WhiteElo "1806"]
[BlackElo "1893"]
[PlyCount "88"]
[EventDate "2015.10.11"]
[EventType "team-tourn"]
[EventRounds "9"]
[EventCountry "GER"]
[SourceTitle "EXT 2023"]
[Source "ChessBase"]
[SourceDate "2022.10.05"]
[SourceVersion "1"]
[SourceVersionDate "2022.10.05"]
[SourceQuality "1"]
[WhiteTeam "Deggendorf II"]
[BlackTeam "Bayerwald Regen"]
[WhiteTeamCountry "GER"]
[BlackTeamCountry "GER"]

1. e4 c5 2. Nf3 Nc6 3. d3 d6 4. Nbd2 e5 5. g3 Be6 6. Bg2 Be7 7. a4 Qd7 8. h3 h6 9. Nc4 Nf6 10. 0-0 Bxh3 11. Ne3 0-0-0 12. c3 g6 13. Nd5 Bg4 14. Be3 Kb8 15. b4 cxb4 16. a5 bxc3 17. Nxc3 h5 18. Qb3 Bxf3 19. Bxf3 Nd4 20. Bxd4 exd4 21. Nb5 h4 22. Rfb1 hxg3 23. Nxd4 gxf2+ 24. Kf1 Rh2 25. Bg2 Rdh8 26. Nf3 Rxg2 27. Kxg2 Qh3+ 28. Kxf2 Ng4+ 29. Ke1 Qh1+ 30. Kd2 Qg2+ 31. Kc3 Rc8+ 32. Kb4 Qxf3 33. Ka4 Rc7 34. Rf1 Qe3 35. Qb5 Qd4+ 36. Qb4 Qxb4+ 37. Kxb4 Bf6 38. Ra2 Bd4 39. Rf4 Ne5 40. Rh4 Nxd3+ 41. Ka4 a6 42. Rah2 Rc3 43. Rh7 Bc5 44. Ra2 Nb2+ 0-1

[Event "Niederbayernliga 1516"]
[Site "Bayern"]
[Date "2016.01.31"]
[Round "6.5"]
[White "Eberle, Anton"]
[Black "Schmidbauer, Franz"]
[Result "0-1"]
[WhiteElo "1723"]
[BlackElo "1806"]
[PlyCount "82"]
[EventDate "2015.10.11"]
[EventType "team-tourn"]
[EventRounds "9"]
[EventCountry "GER"]
[SourceTitle "EXT 2023"]
[Source "ChessBase"]
[SourceDate "2022.10.05"]
[SourceVersion "1"]
[SourceVersionDate "2022.10.05"]
[SourceQuality "1"]
[WhiteTeam "Roehrnbach II"]
[BlackTeam "Deggendorf II"]
[WhiteTeamCountry "GER"]
[BlackTeamCountry "GER"]

1. Nf3 Nf6 2. d4 g6 3. g3 Bg7 4. Bg2 0-0 5. 0-0 Na6 6. c3 d6 7. b4 c6 8. Nbd2 Nc7 9. Qc2 a5 10. Bb2 axb4 11. cxb4 h6 12. a3 Be6 13. e4 Qd7 14. Rfe1 Bh3 15. Nc4 Ra6 16. Ne3 Bxg2 17. Kxg2 Nh5 18. Nh4 Ne6 19. Rad1 Ng5 20. Kh1 Qe6 21. Nf1 d5 22. e5 Kh7 23. Bc1 f5 24. Qe2 Ne4 25. Rd3 Raa8 26. Ng2 Rg8 27. f3 Ng5 28. g4 Nxf3 29. gxf5 Nxd4 30. fxg6+ Qxg6 31. Rxd4 Raf8 32. Rg4 Qe8 33. Qe3 Rf5 34. Ng3 Nxg3+ 35. Qxg3 Bxe5 36. Qh4 Rxg4 37. Qxg4 Qf7 38. Ne3 Rh5 39. Re2 d4 40. Qe4+ Kh8 41. Ng4 Qf1# 0-1

[Event "Niederbayernliga 1415"]
[Site "Bayern"]
[Date "2014.12.06"]
[Round "4.6"]
[White "Stark, Bernhard"]
[Black "Schmidbauer, Franz"]
[Result "1/2-1/2"]
[WhiteElo "1873"]
[BlackElo "1811"]
[PlyCount "89"]
[EventDate "2014.10.19"]
[EventType "team-tourn"]
[EventRounds "9"]
[EventCountry "GER"]
[SourceTitle "EXT 2023"]
[Source "ChessBase"]
[SourceDate "2022.10.05"]
[SourceVersion "1"]
[SourceVersionDate "2022.10.05"]
[SourceQuality "1"]
[WhiteTeam "Passau II"]
[BlackTeam "Deggendorf II"]
[WhiteTeamCountry "GER"]
[BlackTeamCountry "GER"]

1. d4 Nf6 2. c4 g6 3. f3 Bg7 4. e4 d6 5. Nc3 0-0 6. Be3 Nc6 7. Qd2 a6 8. d5 Ne5 9. Bg5 Kh8 10. f4 Ned7 11. Nf3 h6 12. Bh4 Rb8 13. a4 c6 14. Bd3 cxd5 15. cxd5 Nc5 16. Bc2 b5 17. e5 dxe5 18. fxe5 Ng8 19. axb5 axb5 20. b4 Nd7 21. Bg3 Nb6 22. 0-0 Bb7 23. Bb3 Ra8 24. Rxa8 Bxa8 25. Rd1 Qd7 26. Qd4 Na4 27. Ne4 Rd8 28. Nc5 Qa7 29. Qe3 Nb2 30. Rd2 Nc4 31. Bxc4 bxc4 32. d6 exd6 33. Rxd6 Qa1+ 34. Qe1 Qxe1+ 35. Nxe1 Re8 36. Nd7 c3 37. b5 Be4 38. b6 Bf8 39. Rd4 Bf5 40. Nxf8 Rxf8 41. Rc4 Rb8 42. Rxc3 Rxb6 43. Rc7 Be6 44. h4 Kg7 45. Nf3 1/2-1/2

[Event "Regionalliga SO 1213"]
[Site "Bayern"]
[Date "2012.11.11"]
[Round "2.8"]
[White "Winterholler, Christina"]
[Black "Schmidbauer, Franz"]
[Result "1/2-1/2"]
[WhiteElo "1928"]
[BlackElo "1804"]
[PlyCount "101"]
[EventDate "2012.10.14"]
[EventType "team-tourn"]
[EventRounds "9"]
[EventCountry "GER"]
[SourceTitle "EXT 2015"]
[Source "ChessBase"]
[SourceDate "2014.11.20"]
[SourceVersion "1"]
[SourceVersionDate "2014.11.20"]
[SourceQuality "1"]
[WhiteTeam "Ingolstadt II"]
[BlackTeam "Deggendorf"]
[WhiteTeamCountry "GER"]
[BlackTeamCountry "GER"]

1. e4 d6 2. d4 g6 3. Nc3 Nf6 4. Nge2 Nbd7 5. g3 Bg7 6. Bg2 0-0 7. h3 c5 8. Be3 cxd4 9. Nxd4 a6 10. Qd2 Ne5 11. b3 Bd7 12. 0-0 Rc8 13. Rad1 Qc7 14. Nd5 Nxd5 15. exd5 f5 16. Bh6 Qc3 17. Bxg7 Qxd2 18. Rxd2 Kxg7 19. f4 Nf7 20. Re1 Rfe8 21. Rde2 Kf8 22. Bf3 Rc3 23. Kf2 Nh6 24. Re3 Rxe3 25. Rxe3 Rc8 26. Ke1 Ng8 27. Kd2 Nf6 28. Ne6+ Bxe6 29. dxe6 Rc7 30. Rc3 Rxc3 31. Kxc3 b6 32. Bb7 Nh5 33. Bxa6 Nxg3 34. Bb5 Nh5 35. a4 Nxf4 36. b4 Nxe6 37. a5 bxa5 38. bxa5 Nc7 39. Bc6 e5 40. Bb7 Nb5+ 41. Kd2 Ke7 42. c4 Na7 43. a6 g5 44. Ke2 h5 45. Kf2 Kd7 46. Bd5 g4 47. h4 Ke7 48. Bb7 f4 49. Kg2 Kf6 50. Be4 Nc8 51. Kf2 1/2-1/2

[Event "Niederbayern-ch MK 50th"]
[Site "Teisnach"]
[Date "2009.??.??"]
[Round "3"]
[White "Haselbeck, Franz"]
[Black "Schmidbauer, Franz"]
[Result "1-0"]
[WhiteElo "1917"]
[BlackElo "1930"]
[PlyCount "111"]
[EventDate "2009.??.??"]
[EventType "swiss"]
[EventRounds "7"]
[EventCountry "GER"]
[SourceTitle "EXT 2011"]
[Source "ChessBase"]
[SourceDate "2010.11.26"]
[SourceVersion "1"]
[SourceVersionDate "2010.11.26"]
[SourceQuality "1"]

1. Nf3 c5 2. g3 g6 3. Bg2 Nc6 4. d3 Bg7 5. e4 d6 6. 0-0 Nf6 7. c3 0-0 8. Re1 e5 9. a3 h6 10. b4 b6 11. b5 Na5 12. c4 Be6 13. Bd2 Nb7 14. Nc3 Qd7 15. Qc1 Kh7 16. Nd1 Bh3 17. Bh1 Nh5 18. Nh4 Nd8 19. Ne3 Ne6 20. Bc3 Nd4 21. Bxd4 cxd4 22. Nd5 Nf6 23. Nb4 Rac8 24. Qd2 Ng4 25. Bg2 Bxg2 26. Kxg2 f5 27. h3 Nf6 28. exf5 gxf5 29. Nc6 Nh5 30. Qe2 Nf6 31. Qf3 Ng8 32. Qh5 Qf7 33. Qxf7 Rxf7 34. a4 Rcf8 35. a5 e4 36. axb6 axb6 37. Ra6 exd3 38. Rd1 f4 39. g4 Ne7 40. Rxb6 f3+ 41. Kf1 Nxc6 42. Rxc6 Be5 43. Rxd3 h5 44. gxh5 Rf6 45. Ng6 R8f7 46. b6 Re6 47. Rc7 Rxc7 48. bxc7 Re8 49. Rxf3 Rc8 50. Rf7+ Bg7 51. Nf4 Kh6 52. Ne6 d3 53. Nxg7 Ra8 54. Nf5+ Kxh5 55. Ng3+ Kg6 56. Rd7 1-0

[Event "Niederbayern-ch MK 50th"]
[Site "Teisnach"]
[Date "2009.??.??"]
[Round "7"]
[White "Zepke, Armin"]
[Black "Schmidbauer, Franz"]
[Result "1/2-1/2"]
[WhiteElo "1969"]
[BlackElo "1930"]
[PlyCount "23"]
[EventDate "2009.??.??"]
[EventType "swiss"]
[EventRounds "7"]
[EventCountry "GER"]
[SourceTitle "EXT 2011"]
[Source "ChessBase"]
[SourceDate "2010.11.26"]
[SourceVersion "1"]
[SourceVersionDate "2010.11.26"]
[SourceQuality "1"]

1. d4 Nf6 2. Bf4 g6 3. e3 Bg7 4. Nf3 d5 5. h3 c5 6. c3 Qb6 7. Qb3 Nc6 8. Nbd2 c4 9. Qc2 Bf5 10. Qc1 Rc8 11. Be2 h6 12. Ne5 1/2-1/2

[Event "Regionalliga SO 0708"]
[Site "Bayern"]
[Date "2007.12.09"]
[Round "4.4"]
[White "Schmidbauer, Franz"]
[Black "Wurzel, Andre"]
[Result "0-1"]
[WhiteElo "1917"]
[BlackElo "2117"]
[PlyCount "52"]
[EventDate "2007.10.21"]
[EventType "team-tourn"]
[EventRounds "9"]
[EventCountry "GER"]
[SourceTitle "EXT 2009"]
[Source "ChessBase"]
[SourceDate "2008.11.26"]
[SourceVersion "1"]
[SourceVersionDate "2008.11.26"]
[SourceQuality "1"]
[WhiteTeam "Deggendorf"]
[BlackTeam "Ingolstadt"]
[WhiteTeamCountry "GER"]
[BlackTeamCountry "GER"]

1. e4 c5 2. Nf3 e6 3. d3 Nc6 4. Nbd2 Nge7 5. g3 d5 6. Bg2 g6 7. 0-0 Bg7 8. Re1 b6 9. c3 h6 10. Qc2 a5 11. a4 Ba6 12. Bf1 0-0 13. Nb1 Qd7 14. Bd2 Rad8 15. Na3 e5 16. Nb5 f5 17. exf5 Qxf5 18. Bg2 c4 19. Qc1 cxd3 20. Bxh6 e4 21. Bxg7 Kxg7 22. Ng5 Qxf2+ 23. Kh1 d2 24. Ne6+ Kg8 25. Nxd8 dxc1Q 26. Raxc1 Rxd8 0-1

[Event "Regionalliga SO 0708"]
[Site "Bayern"]
[Date "2007.11.04"]
[Round "2.3"]
[White "Schmidbauer, Franz"]
[Black "Hofmann, Juergen2222"]
[Result "0-1"]
[WhiteElo "1913"]
[BlackElo "2147"]
[PlyCount "62"]
[EventDate "2007.10.21"]
[EventType "team-tourn"]
[EventRounds "9"]
[EventCountry "GER"]
[SourceTitle "EXT 2009"]
[Source "ChessBase"]
[SourceDate "2008.11.26"]
[SourceVersion "1"]
[SourceVersionDate "2008.11.26"]
[SourceQuality "1"]
[WhiteTeam "Deggendorf"]
[BlackTeam "Graefelfing"]
[WhiteTeamCountry "GER"]
[BlackTeamCountry "GER"]

1. d3 d5 2. Nd2 e5 3. g3 Nf6 4. Bg2 Bc5 5. Nb3 Bb6 6. Nf3 Nbd7 7. Bg5 h6 8. Bxf6 Qxf6 9. 0-0 0-0 10. Nfd2 c6 11. c4 d4 12. Rc1 Qe7 13. a3 a5 14. Nf3 a4 15. Nbd2 Nc5 16. Ne1 Ba5 17. Rb1 Bg4 18. h3 Bh5 19. g4 Bg6 20. Nc2 Bc7 21. Ne4 Ne6 22. b3 f5 23. gxf5 Bxf5 24. Ng3 Nf4 25. Nxf5 Rxf5 26. e3 Nxg2 27. Kxg2 Raf8 28. e4 Rg5+ 29. Kh2 Qf6 30. Ne1 Qf4+ 31. Kh1 Qh4 0-1

[Event "Niederbayern-ch Seniors 47th"]
[Site "Aidenbach"]
[Date "2006.04.19"]
[Round "2"]
[White "Matzelsberger, Manfred"]
[Black "Schmidbauer, Franz"]
[Result "0-1"]
[WhiteElo "1284"]
[BlackElo "1976"]
[PlyCount "116"]
[EventDate "2006.04.18"]
[EventType "swiss"]
[EventRounds "7"]
[EventCountry "GER"]
[SourceTitle "EXT 2007"]
[Source "ChessBase"]
[SourceDate "2006.11.23"]
[SourceVersion "1"]
[SourceVersionDate "2006.11.23"]
[SourceQuality "1"]

1. e4 d6 2. Nf3 g6 3. d4 Bg7 4. c3 Nf6 5. Nbd2 Nbd7 6. Be2 0-0 7. 0-0 c5 8. d5 a6 9. Rb1 b5 10. c4 bxc4 11. Bxc4 Nb6 12. b3 Rb8 13. Qe2 Qc7 14. Re1 Nfd7 15. Bb2 Bxb2 16. Rxb2 Nxc4 17. Nxc4 f6 18. Qd2 Ne5 19. Nfxe5 fxe5 20. Re3 Bd7 21. Rg3 Rf4 22. Qe3 Bb5 23. Qe2 Bxc4 24. Qxc4 Qa5 25. Re3 Rb4 26. Qc2 Qa3 27. f3 Rf8 28. Rc3 Rfb8 29. Rb1 a5 30. Qb2 Qxb2 31. Rxb2 a4 32. Rb1 c4 33. Rbc1 axb3 34. axb3 cxb3 35. Rb1 Kf7 36. Kf2 R8b7 37. Ke2 e6 38. dxe6+ Kxe6 39. Kd2 g5 40. Rb2 h5 41. g3 g4 42. fxg4 hxg4 43. Kd3 Rf7 44. Rbxb3 Rf3+ 45. Kc2 Rxc3+ 46. Kxc3 Rxe4 47. Kd3 Ra4 48. Rb8 Ra3+ 49. Kc4 d5+ 50. Kc5 Rc3+ 51. Kb4 Rc2 52. Rh8 d4 53. h4 gxh3 54. Rxh3 Kd5 55. Kb3 d3 56. g4 e4 57. Rg3 Rc6 58. g5 d2 0-1

[Event "Niederbayernliga 0607"]
[Site "Germany"]
[Date "2006.??.??"]
[Round "2.2"]
[White "Schmidbauer, Franz"]
[Black "Brueckl, Edgar"]
[Result "0-1"]
[WhiteElo "1950"]
[BlackElo "1888"]
[PlyCount "112"]
[EventDate "2006.??.??"]
[EventType "team"]
[EventRounds "9"]
[EventCountry "GER"]
[SourceTitle "EXT 2008"]
[Source "ChessBase"]
[SourceDate "2007.11.25"]
[SourceVersion "1"]
[SourceVersionDate "2007.11.25"]
[SourceQuality "1"]
[WhiteTeam "Deggendorf"]
[BlackTeam "Eggenfelden"]
[WhiteTeamCountry "GER"]
[BlackTeamCountry "GER"]

1. e4 d5 2. exd5 Qxd5 3. Nc3 Qa5 4. g3 Nf6 5. Bg2 c6 6. Nge2 Bg4 7. h3 Bh5 8. 0-0 e6 9. g4 Bg6 10. Nf4 Bd6 11. d3 Qc7 12. Qf3 Nbd7 13. Re1 Ne5 14. Qe2 0-0 15. d4 Ned7 16. Nxg6 hxg6 17. Bd2 Nd5 18. Nxd5 exd5 19. g5 Rfe8 20. Qxe8+ Rxe8 21. Rxe8+ Kh7 22. Rae1 Nf8 23. Ra8 Ne6 24. h4 Bf4 25. Bc3 Bh2+ 26. Kf1 Qf4 27. Re3 Qg4 28. Rh3 Qd1+ 29. Be1 Bf4 30. c3 Bd2 31. Re3 Bxe3 32. fxe3 Qd3+ 33. Kf2 a6 34. b4 Qc2+ 35. Kf1 Qxa2 36. Ra7 Qc4+ 37. Kf2 Qb5 38. Bf1 Qb6 39. Ra8 Qc7 40. Kg2 Qd7 41. Be2 Nc7 42. Rb8 Nb5 43. Bf3 Nd6 44. Be2 Qe7 45. Bf2 Ne4 46. Be1 Nxc3 47. Bxc3 Qxe3 48. Bf3 Qxc3 49. Rxb7 Qxd4 50. Rxf7 Qxb4 51. h5 Qd2+ 52. Kf1 Qxg5 53. hxg6+ Qxg6 54. Ra7 Qb1+ 55. Kg2 Qb2+ 56. Kg3 Qb8+ 0-1

[Event "Niederbayernliga 0506"]
[Site "Germany"]
[Date "2006.??.??"]
[Round "8"]
[White "Schmidbauer, Franz"]
[Black "Putz, Georg"]
[Result "1-0"]
[WhiteElo "1883"]
[BlackElo "1715"]
[PlyCount "70"]
[EventDate "2005.??.??"]
[EventType "team"]
[EventRounds "9"]
[EventCountry "GER"]
[SourceTitle "EXT 2008"]
[Source "ChessBase"]
[SourceDate "2007.11.25"]
[SourceVersion "1"]
[SourceVersionDate "2007.11.25"]
[SourceQuality "1"]
[WhiteTeam "Deggendorf"]
[BlackTeam "Simbach"]
[WhiteTeamCountry "GER"]
[BlackTeamCountry "GER"]

1. e4 e6 2. d3 d5 3. Nd2 Nf6 4. Ngf3 Be7 5. g3 b6 6. Bg2 Bb7 7. e5 Nfd7 8. 0-0 c5 9. Re1 Nc6 10. c3 Rc8 11. Nf1 Nf8 12. h4 h6 13. N1h2 Rc7 14. Bd2 Qd7 15. Ng4 Kd8 16. Qe2 Kc8 17. Reb1 Nh7 18. a4 a5 19. Ne1 Kb8 20. Nh2 f5 21. Nc2 g5 22. h5 Qe8 23. b4 cxb4 24. cxb4 Nxb4 25. Nxb4 Bxb4 26. Bxb4 axb4 27. Rxb4 Qc6 28. Rab1 Re8 29. Rxb6 Qxa4 30. Qb2 Ree7 31. Bf1 Kc8 32. Ra1 Rc2 33. Rxa4 Rxb2 34. Rxb2 Nf8 35. d4 Rc7 1-0

[Event "Niederbayernliga 0304"]
[Site "Germany"]
[Date "2004.??.??"]
[Round "6"]
[White "Schmidbauer, Franz"]
[Black "Berger, Stefan2222"]
[Result "0-1"]
[WhiteElo "1894"]
[BlackElo "1772"]
[PlyCount "72"]
[EventDate "2003.??.??"]
[EventType "team"]
[EventRounds "9"]
[EventCountry "GER"]
[SourceTitle "EXT 2008"]
[Source "ChessBase"]
[SourceDate "2007.11.25"]
[SourceVersion "1"]
[SourceVersionDate "2007.11.25"]
[SourceQuality "1"]
[WhiteTeam "Deggendorf II"]
[BlackTeam "Simbach"]
[WhiteTeamCountry "GER"]
[BlackTeamCountry "GER"]

1. e4 e6 2. d3 c5 3. g3 b6 4. Bg2 Bb7 5. Nf3 Nc6 6. 0-0 d6 7. Nbd2 Nf6 8. Re1 Qc7 9. Nc4 b5 10. Ne3 Be7 11. b3 0-0 12. Bb2 Rfd8 13. Qe2 a6 14. h3 Ra7 15. a4 Rda8 16. Ng4 Nxg4 17. hxg4 Qb6 18. e5 Nd4 19. Bxd4 cxd4 20. Qd2 Rc8 21. exd6 Bxd6 22. Re2 Bd5 23. Qg5 Rac7 24. axb5 axb5 25. Ra2 Qb7 26. Nh4 Bxg2 27. Nxg2 Qf3 28. Kf1 Bxg3 29. Qxb5 Rc5 30. Qa6 h5 31. Ra5 Rxa5 32. Qxa5 h4 33. Qh5 Ra8 34. Ke1 Ra1+ 35. Kd2 Bf4+ 36. Nxf4 Qxf4+ 0-1

[Event "Niederbayernliga 0405"]
[Site "Germany"]
[Date "2004.??.??"]
[Round "2"]
[White "Schmidbauer, Franz"]
[Black "Neugebauer, Ulrich"]
[Result "1-0"]
[WhiteElo "1906"]
[BlackElo "1713"]
[PlyCount "69"]
[EventDate "2004.??.??"]
[EventType "team"]
[EventRounds "9"]
[EventCountry "GER"]
[SourceTitle "EXT 2008"]
[Source "ChessBase"]
[SourceDate "2007.11.25"]
[SourceVersion "1"]
[SourceVersionDate "2007.11.25"]
[SourceQuality "1"]
[WhiteTeam "Deggendorf II"]
[BlackTeam "Haselbach"]
[WhiteTeamCountry "GER"]
[BlackTeamCountry "GER"]

1. e4 c5 2. Nf3 Nc6 3. d3 d6 4. g3 g6 5. Bg2 Bg7 6. 0-0 Bd7 7. Nbd2 Qc8 8. Re1 Rb8 9. a4 Bg4 10. c3 h5 11. Qc2 Nf6 12. Nf1 Nd7 13. h3 Bxf3 14. Bxf3 Nde5 15. Bg2 c4 16. d4 Nd3 17. Re2 Nxc1 18. Rxc1 0-0 19. Rd1 a6 20. f4 b5 21. Ne3 Na5 22. Nd5 Re8 23. axb5 axb5 24. f5 e6 25. fxe6 Rxe6 26. Nf4 Re7 27. Nd5 Re8 28. Rf2 Qd8 29. Rdf1 Rf8 30. Nf6+ Bxf6 31. Rxf6 Qe7 32. Qf2 Nb7 33. Qf4 Kg7 34. Qg5 Nd8 35. Rxg6+ 1-0

[Event "Niederbayernliga 0304"]
[Site "Germany"]
[Date "2004.??.??"]
[Round "9"]
[White "Schubert, Josef"]
[Black "Schmidbauer, Franz"]
[Result "1/2-1/2"]
[WhiteElo "2021"]
[BlackElo "1894"]
[PlyCount "91"]
[EventDate "2003.??.??"]
[EventType "team"]
[EventRounds "9"]
[EventCountry "GER"]
[SourceTitle "EXT 2008"]
[Source "ChessBase"]
[SourceDate "2007.11.25"]
[SourceVersion "1"]
[SourceVersionDate "2007.11.25"]
[SourceQuality "1"]
[WhiteTeam "Landshut"]
[BlackTeam "Deggendorf II"]
[WhiteTeamCountry "GER"]
[BlackTeamCountry "GER"]

1. e4 d6 2. d4 g6 3. Be3 Nf6 4. Nc3 c6 5. Qd2 Qb6 6. Na4 Qc7 7. f3 Nbd7 8. 0-0-0 b5 9. Nc3 Nb6 10. Bd3 a5 11. Bh6 a4 12. Bxf8 Rxf8 13. Nge2 Ba6 14. Rhe1 b4 15. Nb1 Bxd3 16. Qxd3 d5 17. e5 Nfd7 18. Nd2 e6 19. Kb1 Ke7 20. Qe3 Rfc8 21. Qh6 c5 22. Qh4+ Kf8 23. Qxh7 c4 24. Qh8+ Ke7 25. Qh4+ Ke8 26. c3 a3 27. cxb4 axb2 28. Nc3 Qc6 29. b5 Qc7 30. Nde4 dxe4 31. Nxe4 Nf8 32. Nf6+ Kd8 33. Nd5+ Ke8 34. Nxc7+ Rxc7 35. Kxb2 c3+ 36. Kb3 Rca7 37. Ra1 Ra3+ 38. Kc2 Nd5 39. Re2 Nd7 40. Kc1 N7b6 41. Qe4 Nc4 42. f4 Nd2 43. Rxd2 cxd2+ 44. Kxd2 R8a4 45. g4 Rb4 46. Rb1 1/2-1/2

[Event "Niederbayernliga 0304"]
[Site "Germany"]
[Date "2004.??.??"]
[Round "7"]
[White "Siemens, Andreas"]
[Black "Schmidbauer, Franz"]
[Result "1-0"]
[WhiteElo "1889"]
[BlackElo "1894"]
[PlyCount "111"]
[EventDate "2003.??.??"]
[EventType "team"]
[EventRounds "9"]
[EventCountry "GER"]
[SourceTitle "EXT 2008"]
[Source "ChessBase"]
[SourceDate "2007.11.25"]
[SourceVersion "1"]
[SourceVersionDate "2007.11.25"]
[SourceQuality "1"]
[WhiteTeam "Eggenfelden"]
[BlackTeam "Deggendorf II"]
[WhiteTeamCountry "GER"]
[BlackTeamCountry "GER"]

1. e4 d6 2. d4 g6 3. Nf3 Bg7 4. Bc4 Nf6 5. Nc3 0-0 6. 0-0 Nxe4 7. Nxe4 d5 8. Bd3 dxe4 9. Bxe4 Nd7 10. c3 Nf6 11. Bc2 b6 12. Bb3 Bb7 13. h3 Rc8 14. Be3 Nd5 15. Bg5 Nf6 16. Qe2 c5 17. dxc5 Rxc5 18. Be3 Ra5 19. Rad1 Qa8 20. Ne1 Ba6 21. Bc4 Bxc4 22. Qxc4 Rc8 23. Qb3 Qc6 24. Nf3 Qc4 25. Qxc4 Rxc4 26. Rd8+ Bf8 27. Bh6 Nd7 28. Rd1 Rh5 29. R1xd7 Rxh6 30. Rxe7 Kg7 31. Rxa7 Rh5 32. Rdd7 Rf4 33. Nd4 Rf6 34. b4 Re5 35. Kf1 h5 36. a4 g5 37. g4 hxg4 38. hxg4 Re4 39. Nf5+ Kg6 40. Rd4 Rxd4 41. Nxd4 Rf4 42. Ra6 Rf6 43. a5 bxa5 44. Rxf6+ Kxf6 45. bxa5 Ke5 46. a6 Bc5 47. a7 Bxa7 48. Nc6+ Kf4 49. Nxa7 Kxg4 50. c4 Kf4 51. Nb5 Ke5 52. Ke2 f5 53. Kd3 g4 54. Nd4 f4 55. Ne2 g3 56. Nxg3 1-0

[Event "Niederbayernliga 0203"]
[Site "Germany"]
[Date "2003.??.??"]
[Round "4.3"]
[White "Mueller, Michael3333"]
[Black "Schmidbauer, Franz"]
[Result "0-1"]
[WhiteElo "2130"]
[BlackElo "1830"]
[PlyCount "74"]
[EventDate "2002.??.??"]
[EventType "team"]
[EventRounds "9"]
[EventCountry "GER"]
[SourceTitle "EXT 2008"]
[Source "ChessBase"]
[SourceDate "2007.11.25"]
[SourceVersion "1"]
[SourceVersionDate "2007.11.25"]
[SourceQuality "1"]
[WhiteTeam "Bayerwald"]
[BlackTeam "Deggendorf II"]
[WhiteTeamCountry "GER"]
[BlackTeamCountry "GER"]

1. Nf3 Nf6 2. g3 g6 3. b3 Bg7 4. Bb2 d6 5. d4 0-0 6. Bg2 a6 7. 0-0 c5 8. c4 Nc6 9. Nc3 Rb8 10. e3 cxd4 11. Nxd4 Bg4 12. f3 Bd7 13. Qd2 Nxd4 14. exd4 b5 15. Rfe1 bxc4 16. bxc4 Re8 17. Kh1 Qc8 18. Qe2 Bh3 19. Rac1 Bxg2+ 20. Kxg2 Bh6 21. Rc2 Rb4 22. c5 d5 23. Qe5 Qc6 24. Bc1 Bg7 25. Qe3 Rc4 26. Rce2 Nd7 27. Rd1 e6 28. Ba3 Rb8 29. f4 Nf6 30. Rdd2 Ng4 31. Qf3 h5 32. h3 Nh6 33. Rb2 Rxb2 34. Rxb2 Bxd4 35. Rb6 Qc8 36. Nxd5 Rc2+ 37. Kh1 exd5 0-1